Rayuela /

Guardado en:
Autor Principal: Cortázar, Julio
Formato: Libro
Publicado: Buenos Aires : Punto de Lectura, 2007
Edición:2a. ed.
Materias:
Etiquetas: Agregar Etiqueta
Sin Etiquetas, Sea el primero en etiquetar este registro!
LEADER 00670nam a22002295a 4500
001 CEM.cems001797
005 20110916164905.0
008 130507s2007##################000#0#####d
003 CEMS
020 |a 9789875780620 
082 0 4 |a A863.4 
100 1 |a Cortázar, Julio 
245 1 0 |a Rayuela /  |c Julio Cortázar 
250 |a 2a. ed. 
260 |a Buenos Aires :  |b Punto de Lectura,  |c 2007 
300 |a 736 p. 
653 |a Literatura 
653 |a Literatura argentina 
653 |a Novela argentina-siglo 20 
653 |a Novelas 
859 |a CEMS  |b BIB. CEMS - 11 de abril  |h A863.4  |i C891-3  |p 16023.90  |t Ej.1 
859 |a CEMS  |b BIB. CEMS - 11 de abril  |h A863.4  |i C891-3  |p 26418.12  |t Ej.2